1808 : (Record no. 148240)

MARC details
000 -CABECERA
campo de control de longitud fija 00592nam a2200205 u 4500
005 - FECHA Y HORA DE LA ÚLTIMA TRANSACCIÓN
campo de control 20240803063804.0
008 - ELEMENTOS DE LONGITUD FIJA--INFORMACIÓN GENERAL
campo de control de longitud fija 100525s2008 r 000 0 eng d
020 ## - NÚMERO INTERNACIONAL NORMALIZADO PARA LIBROS
Número Internacional Estándar del Libro 9788420473222
035 ## - NÚMERO DE CONTROL DEL SISTEMA
Número de control de sistema UPN01000176137
049 ## - COLECCIÓN
Colección CG
050 #4 - SIGNATURA TOPOGRÁFICA DE LA BIBLIOTECA DEL CONGRESO
Número de clasificación PQ6662 A4.6
Número de documento/Ítem M5
100 1# - ASIENTO PRINCIPAL--NOMBRE PERSONAL
Nombre de persona Lalana, Fernando,
Fechas asociadas al nombre 1958-
9 (RLIN) 30475
245 10 - MENCIÓN DE TÍTULO
Título 1808 :
Resto del título los cañones de Zaragoza /
Mención de responsabilidad, etc. Fernando Lalana, José Ma. Almárcegui.
260 ## - PUBLICACIÓN, DISTRIBUCIÓN, ETC.
Lugar de publicación, distribución, etc. Madrid :
Nombre del editor, distribuidor, etc. Alfaguara,
Fecha de publicación, distribución, etc. 2008.
300 ## - DESCRIPCIÓN FÍSICA
Extensión 303 p.
440 #0 - MENCIÓN DE SERIE/ASIENTO SECUNDARIO--TÍTULO
Título Roja
650 #4 - ASIENTO SECUNDARIO DE MATERIA - TERMINO TEMATICO
Término de materia o nombre geográfico como elemento de entrada Novela española
9 (RLIN) 10814
700 1# - ASIENTO SECUNDARIO--NOMBRE DE PERSONAL
Nombre de persona Almárcegui, José María,
Término indicativo de función/relación coaut.
905 ## - TIPO DE MATERIAL
Tipo de material Libro
Holdings
Estado de retiro Estado de pérdida Fuente del sistema de clasificación o colocación Estado dañado No para préstamo Código de colección Localización permanente Ubicación/localización actual Ubicación en estantería Total de préstamos Clasificación Código de barras Fecha visto por última vez Número de copia Tipo de ítem Koha
    Library of Congress Classification     Colección General Bib. Gregorio Torres Quintero Bib. Gregorio Torres Quintero Planta baja 1 PQ6662 A4.6 M5 273737 31/12/2020 1 Libro